[Event "Petroupoli ASOP Dias Seniors op"]
[Site "Petroupoli"]
[Date "2014.05.10"]
[Round "7.24"]
[White "Xenaki, Despoina"]
[Black "Remoundos, Aggelos"]
[Result "1-0"]
[WhiteElo "1153"]
[BlackElo "1000"]
[PlyCount "51"]
[EventDate "2014.03.22"]
[EventType "swiss"]
[EventRounds "7"]
[EventCountry "GRE"]
[SourceTitle "EXT 2024"]
[Source "ChessBase"]
[SourceDate "2023.10.10"]
[SourceVersion "1"]
[SourceVersionDate "2023.10.10"]
[SourceQuality "1"]

1. e4 e6 2. d4 d5 3. Nc3 c5 4. Bb5+ Nc6 5. Nf3 a6 6. Bxc6+ bxc6 7. 0-0 Nf6 8. Ne5 dxe4 9. Qe2 Qxd4 10. Nxc6 Qd6 11. Na5 h5 12. Nc4 Qd4 13. Rd1 Qd7 14. Rxd7 Bxd7 15. Nxe4 Nxe4 16. Qxe4 Bb5 17. Qxa8+ Ke7 18. Qa7+ Kf6 19. Ne3 Rh6 20. c4 Rg6 21. cxb5 Rg5 22. Qc7 h4 23. Qd8+ Ke5 24. Nc4+ Ke4 25. f3+ Kf5 26. Qxg5# 1-0

[Event "Petroupoli ASOP Dias Seniors op"]
[Site "Petroupoli"]
[Date "2014.04.12"]
[Round "4.25"]
[White "Remoundou, Elli"]
[Black "Remoundos, Aggelos"]
[Result "0-1"]
[WhiteElo "1005"]
[BlackElo "1000"]
[PlyCount "22"]
[EventDate "2014.03.22"]
[EventType "swiss"]
[EventRounds "7"]
[EventCountry "GRE"]
[SourceTitle "EXT 2024"]
[Source "ChessBase"]
[SourceDate "2023.10.10"]
[SourceVersion "1"]
[SourceVersionDate "2023.10.10"]
[SourceQuality "1"]

1. e4 e6 2. Nf3 d5 3. e5 c5 4. Bb5+ Nd7 5. Nh4 h6 6. Bxd7+ Bxd7 7. 0-0 Qxh4 8. g3 Qh3 9. Nc3 d4 10. Ne4 Bc6 11. Nxc5 Qg2# 0-1

[Event "Petroupoli ASOP Dias Seniors op"]
[Site "Petroupoli"]
[Date "2014.04.05"]
[Round "3.25"]
[White "Kosmadaki, Despoina"]
[Black "Remoundos, Aggelos"]
[Result "1-0"]
[WhiteElo "1000"]
[BlackElo "1000"]
[PlyCount "41"]
[EventDate "2014.03.22"]
[EventType "swiss"]
[EventRounds "7"]
[EventCountry "GRE"]
[SourceTitle "EXT 2024"]
[Source "ChessBase"]
[SourceDate "2023.10.10"]
[SourceVersion "1"]
[SourceVersionDate "2023.10.10"]
[SourceQuality "1"]

1. e4 e5 2. Nf3 Nc6 3. Bc4 Bc5 4. c3 Nf6 5. d4 exd4 6. cxd4 Bb4+ 7. Nc3 Ng4 8. Bg5 f6 9. Bh4 Bd6 10. d5 Bc5 11. dxc6 g5 12. Bg3 Bxf2+ 13. Bxf2 Nxf2 14. Kxf2 bxc6 15. Qb3 Rb8 16. Qxb8 d5 17. exd5 cxd5 18. Bxd5 Bd7 19. Rhe1+ Be6 20. Qxd8+ Kxd8 21. Bxe6 1-0